Le trigri di mompracem
Guardado en:
| Hovedforfatter: | |
|---|---|
| Format: | Bog |
| Sprog: | Undetermined |
| Udgivet: |
Milan, Italia
BUR
2001
|
| Fag: | |
| Tags: |
Tilføj Tag
Ingen Tags, Vær først til at tagge denne postø!
|
MARC
| LEADER | 00000nam a2200000Ia 4500 | ||
|---|---|---|---|
| 008 | 170316s9999 xx 000 0 und d | ||
| 999 | |c 8209 |d 8209 | ||
| 040 | |a cru BVZT | ||
| 090 | |a 850 S-1it | ||
| 100 | |a Salagari, Emilio | ||
| 245 | |a Le trigri di mompracem |c / Emilio Salagari | ||
| 260 | |a Milan, Italia |b BUR |c 2001 | ||
| 300 | |a 331 páginas | ||
| 650 | |a LITERATURA ITALIANA |9 212 | ||
| 650 | |a EN IDIOMA ITALIANO | ||
| 650 | |a NOVELA |9 13 | ||
| 942 | |c 15 D |h 850 S-1it |2 z | ||
